[Event "Tourn. n10064"]
[Site "www.echecsemail.com"]
[Date "2019.02.05"]
[Round "1"]
[White "Mitja"]
[Black "Bojan"]
[WhiteElo "1960"]
[BlackElo "2000"]
[Result "1-0"]
[Round "1"]
1.d4 e6
2.e3 b6
3.Qd1f3 Nb8c6
4.c3 Bc8b7
5.Qf3d1 g6
6.Ng1f3 Bf8g7
7.Bf1e2 e5
8.dxe5 Nc6xe5
9.Nb1d2 Ng8e7
10.O-O c5
11.h3 Ne7f5
12.Nf3xe5 Bg7xe5
13.Be2f3 Qd8c7
14.Bf3xb7 Qc7xb7
15.Nd2f3 Be5f6
16.Rf1e1 O-O-O
17.Qd1c2 Nf5h4
18.Nf3xh4 Bf6xh4
19.b3 Rh8e8
20.Bc1b2 d5
21.c4 dxc4
22.Qc2xc4 Re8e4
23.Qc4c2 f5
24.Ra1d1 Qb7c7
25.Rd1xd8 Qc7xd8
26.Re1d1 Qd8e7
27.Qc2d3 Qe7c7
28.Qd3d5 Kb8
29.f4 Kc8
30.Bb2e5 Qc7b7
31.Qd5g8 { resign }
1-0

[Event "Tourn. n10044"]
[Site "www.echecsemail.com"]
[Date "2019.02.05"]
[Round "1"]
[White "Picifarkinca"]
[Black "Fabos12"]
[WhiteElo "1910"]
[BlackElo "1980"]
[Result "1-0"]
[Round "1"]
1.e4 e6
2.d4 Nb8c6
3.Ng1f3 b6
4.a3 Bc8b7
5.c4 d5
6.Nb1c3 Ng8e7
7.b3 g6
8.Bc1g5 Bf8g7
9.e5 O-O
10.Bf1e2 h6
11.Bg5d2 Kh7
{ time. }
1-0

[Event "Match"]
[Site "www.echecsemail.com"]
[Date "2019.02.05"]
[Round "1"]
[White "Apdash"]
[Black "Ericleo1980"]
[WhiteElo "2240"]
[BlackElo "1920"]
[Result "1-0"]
[Round "1"]
1.d4 d5
2.c4 c6
3.Nb1c3 Ng8f6
4.cxd5 cxd5
5.Ng1f3 Nb8c6
6.e3 Bc8f5
7.Bf1b5 e6
8.Nf3e5 Ra8c8
9.Qd1a4 Qd8b6
10.O-O Bf8d6
11.f4 Bd6xe5
12.fxe5 Nf6e4
13.Nc3xe4 Bf5xe4
14.Bc1d2 O-O
15.Ra1c1 Nc6b8
16.Bd2b4 Nb8c6
17.Bb4xf8 Kxf8
{ time. }
1-0

[Event "Match"]
[Site "www.echecsemail.com"]
[Date "2019.02.05"]
[Round "1"]
[White "Estonia"]
[Black "Kipik"]
[WhiteElo "2010"]
[BlackElo "2140"]
[Result "0-1"]
[Round "1"]
1.c4 e5
2.Nb1c3 Ng8f6
3.d3 d5
4.cxd5 Nf6xd5
5.e4 Nd5xc3
6.bxc3 c5
7.Ng1f3 Nb8c6
8.Bf1e2 Bf8e7
9.Ra1b1 O-O
10.O-O Ra8b8
11.Qd1a4 Bc8e6
12.Bc1e3 f5
13.exf5 Rf8xf5
14.Rf1d1 Rf5f7
15.d4 cxd4
16.cxd4 exd4
17.Be3xd4 Qd8c7
18.Bd4e3 a6
19.Nf3d4 Nc6xd4
20.Be3xd4 Be7d6
21.g3 Bd6f8
22.Be2f1 Rb8d8
23.Rd1c1 Qc7d7
24.Qa4xd7 Rd8xd7
25.Bd4e3 Be6xa2
26.Rb1b2 Ba2e6
27.Bf1g2 Bf8a3
28.Rc1c8 Rf7f8
29.Rc8xf8 Kxf8
30.Rb2d2 b5
31.Rd2xd7 Be6xd7
32.Bg2b7 a5
33.Kf1 a4
34.Ke2 Ba3d6
35.Bb7e4 g6
36.Kd3 b4
37.Kc2 Bd7e6
38.Be3d4 Kf7
39.Kb2 a3
40.Ka1 Bd6e7
41.f4 Be7f6
42.Bd4xf6 Kxf6
43.g4 Be6xg4
44.h4 h6
45.Be4d3 Bg4f5
46.Bd3c4 Bf5e4
47.Ka2 Be4c2
{ resign }
0-1

[Event "Tourn. n10017"]
[Site "www.echecsemail.com"]
[Date "2019.02.05"]
[Round "1"]
[White "Tonino1"]
[Black "Bigrezi"]
[WhiteElo "2340"]
[BlackElo "2320"]
[Result "0-1"]
[Round "1"]
1.d4 Ng8f6
2.Ng1f3 d5
3.e3 e6
4.Bf1d3 c5
5.c3 Nb8c6
6.Nb1d2 Bf8e7
7.O-O O-O
8.Nf3e5 Nc6xe5
9.dxe5 Nf6d7
10.f4 c4
11.Bd3c2 b5
12.Bc2xh7 Kxh7
13.Qd1h5 Kg8
14.Rf1f3 f6
15.Rf3h3 Qd8b6
16.Nd2f3 Bc8b7
17.Qh5h7 Kf7
18.Rh3g3 Rf8g8
19.Qh7h5 g6
20.Qh5h6 f5
21.Nf3g5 Be7xg5
22.Rg3xg5 Nd7c5
23.Qh6h7 Rg8g7
24.Qh7h4 Ra8g8
25.g4 Nc5e4
26.gxf5 Ne4xg5
27.fxg6 Rg7xg6
28.fxg5 Rg6xg5
29.Kf2 Ke7
30.Bc1d2 Ke8
31.Qh4h3 Rg5f5
32.Ke2 d4
33.exd4 Rg8f8
34.Bd2e3 Bb7f3
35.Kd2 b4
36.Ra1g1 bxc3
37.Kxc3 Bf3d5
38.Rg1g3 Qb6a5
39.Kc2 Qa5xa2
40.Rg3g7 Qa2b3
41.Kd2 Qb3xb2
42.Ke1 Qb2b1
 { time }
0-1

[Event "Tourn. n10026"]
[Site "www.echecsemail.com"]
[Date "2019.02.05"]
[Round "1"]
[White "Tartan"]
[Black "Rons"]
[WhiteElo "2540"]
[BlackElo "2670"]
[Result "0-1"]
[Round "1"]
1.d4 Ng8f6
2.c4 e6
3.Nb1c3 Bf8b4
4.Qd1c2 O-O
5.a3 Bb4xc3
6.Qc2xc3 d5
7.Bc1g5 dxc4
8.e3 b5
9.a4 c6
10.Bf1e2 a6
11.Be2f3 Bc8b7
12.Ng1e2 Nb8d7
13.O-O h6
14.Bg5f4 Nf6d5
15.Qc3a3 Nd5xf4
16.Ne2xf4 e5
17.dxe5 Nd7xe5
18.Bf3e2 Qd8g5
19.Ra1d1 Rf8d8
20.Nf4h3 Qg5f6
21.Nh3f4 Rd8xd1
22.Rf1xd1 Ra8d8
23.Rd1xd8 Qf6xd8
24.Qa3c3 Qd8d6
25.Qc3d4 Qd6xd4
26.exd4 Ne5d7
27.Be2f3 Nd7b6
28.axb5 axb5
29.Bf3d1 b4
30.Nf4e2 Bb7a6
31.Kf1 b3
{ resign }
0-1

[Event "Match"]
[Site "www.echecsemail.com"]
[Date "2019.02.06"]
[Round "1"]
[White "Mitja"]
[Black "Bojan"]
[WhiteElo "1970"]
[BlackElo "1990"]
[Result "1-0"]
[Round "1"]
1.d4 d5
2.e3 g6
3.c3 a6
4.b3 Bc8f5
5.h3 Nb8c6
6.Bc1b2 Bf8g7
7.Ng1e2 e5
8.dxe5 Bg7xe5
9.Qd1d2 Ng8e7
10.Nb1a3 Qd8d7
11.Ne2d4 Nc6xd4
12.cxd4 Be5d6
13.Na3c2 Qd7c6
14.Ra1c1 Qc6b6
15.Bf1e2 c6
16.O-O h5
17.Nc2e1 Qb6c7
18.Be2d3 Bf5e6
19.Ne1f3 Rh8g8
20.Nf3g5 Be6d7
21.Qd2e2 Rg8g7
22.e4 f6
23.Ng5f3 dxe4
24.Bd3xe4 O-O-O
25.Rf1d1 Kb8
26.d5 c5
27.Bb2xf6 Rg7g8
28.Bf6g5 Rd8e8
29.b4 Qc7b6
30.bxc5 Qb6b4
31.cxd6 Ne7c8
32.Rd1d4 Qb4xd6
33.Qe2d2 Nc8a7
34.Bg5f4 Na7b5
35.Bf4xd6 Nb5xd6
36.Nf3g5 Rg8f8
37.Qd2b4 Nd6b5
38.Rd4c4 Rf8f6
39.a4 Nb5d6
40.Rc1b1 b5
41.Rc4d4 Re8c8
42.axb5 Bd7xb5
43.Be4d3 Ka8
44.Bd3xb5 Nd6xb5
45.Rd4c4 Rc8d8
46.Rc4c6 { resign }
1-0

[Event "Match"]
[Site "www.echecsemail.com"]
[Date "2019.02.06"]
[Round "1"]
[White "Aiko1603"]
[Black "Tbsundar"]
[WhiteElo "2170"]
[BlackElo "2090"]
[Result "0-1"]
[Round "1"]
1.c4 e5
2.Nb1c3 Ng8f6
3.g3 c6
4.Bf1g2 Bf8b4
5.Qd1b3 Qd8a5
6.Ng1f3 d6
7.O-O O-O
8.Nc3d1 Nb8a6
9.a3 Nf6e4
10.Qb3e3 f5
11.d3 Bb4c5
12.d4 exd4
13.Nf3xd4 Qa5b6
14.Qe3d3 Bc5xd4
15.e3 Na6c5
16.Qd3xd4 Nc5b3
17.Qd4d3 Nb3xa1
18.b4 a5
19.Bg2xe4 fxe4
20.Qd3c3 Bc8h3
21.Bc1b2 Rf8f6
22.Rf1e1 axb4
{ resign }
0-1

[Event "Match"]
[Site "www.echecsemail.com"]
[Date "2019.02.06"]
[Round "1"]
[White "Iko"]
[Black "Guillaumefi"]
[WhiteElo "1750"]
[BlackElo "1810"]
[Result "1-0"]
[Round "1"]
1.e4 c5
2.d4 cxd4
3.Qd1xd4 Nb8c6
4.Qd4c3 e5
5.Bf1b5 Bf8b4
6.Qc3xb4 Nc6xb4
7.c3  { time }
1-0

[Event "Match"]
[Site "www.echecsemail.com"]
[Date "2019.02.06"]
[Round "1"]
[White "Bojan"]
[Black "Mitja"]
[WhiteElo "2020"]
[BlackElo "1960"]
[Result "0-1"]
[Round "1"]
1.e4 d5
2.e5 e6
3.b3 c6
4.Bc1b2 Ng8e7
5.d4 Ne7g6
6.g3 b6
7.Bf1d3 Bc8a6
8.f4 Ba6xd3
9.Qd1xd3 Nb8d7
10.c3 Qd8c8
11.Nb1d2 Bf8e7
12.Qd3e2 Qc8b7
13.Ng1f3 h6
14.h4 f5
15.exf6 Be7xf6
16.h5 Ng6f8
17.f5 Kf7
18.fxe6 Nf8xe6
19.O-O-O Rh8e8
20.Qe2d3 Nd7f8
21.Rd1f1 Kg8
22.Nf3h4 Ra8d8
23.Nd2f3 Ne6g5
24.Kd1 Ng5e4
25.Nf3d2 Qb7d7
26.Bb2c1 Ne4g5
27.Rf1f4 Qd7e7
28.Rh1f1 Qe7e3
29.Qd3f5 Qe3xc3
30.Nd2f3 Ng5e4
31.Qf5g4 Qc3d3
32.Nf3d2 Ne4c3
{ resign }
0-1

[Event "Tourn. n10042"]
[Site "www.echecsemail.com"]
[Date "2019.02.06"]
[Round "1"]
[White "Ejner"]
[Black "Reignblowcan"]
[WhiteElo "2430"]
[BlackElo "2520"]
[Result "0-1"]
[Round "1"]
1.Ng1f3 Nb8c6
2.d4 e6
3.e4 d5
4.Nb1d2 dxe4
5.Nd2xe4 Ng8e7
6.Bf1d3 Ne7g6
7.O-O Bf8e7
8.c3 f5
9.Ne4g3 a6
10.Rf1e1 O-O
11.Bd3c4 Qd8d6
12.Qd1e2 Nc6d8
13.Bc1g5 Be7xg5
14.Nf3xg5 Ng6f4
15.Qe2d2 Nf4xg2
{ resign }
0-1

[Event "Match"]
[Site "www.echecsemail.com"]
[Date "2019.02.06"]
[Round "1"]
[White "Whitekknight"]
[Black "Eeze"]
[WhiteElo "1880"]
[BlackElo "1830"]
[Result "0-1"]
[Round "1"]
1.e4 e5
2.Ng1f3 d6
3.Bf1c4 h6
4.Nb1c3 c6
5.d4 b5
6.Bc4d3 Bc8g4
7.dxe5 dxe5
8.h3 Bg4h5
9.g4 Bh5g6
10.Bc1e3 Bf8b4
11.Be3d2 Nb8d7
12.a3 Bb4c5
13.Qd1e2 Ng8e7
14.O-O-O a5
15.Bd2e3 Bc5b6
16.Be3xb6 Qd8xb6
17.Rh1f1 Qb6b7
18.Qe2e1 b4
19.Nc3b1 Nd7c5
20.Nf3xe5 Bg6h7
21.Qe1e2 O-O
22.Qe2e3 Nc5a4
23.Ne5c4 bxa3
24.Nb1xa3 c5
25.f3 Ne7c6
26.c3 Nc6e5
27.Qe3d2 Ne5xd3
28.Qd2xd3 Rf8e8
29.Nc4d6 Qb7xb2
{ resign }
0-1

[Event "Tourn. n10041"]
[Site "www.echecsemail.com"]
[Date "2019.02.06"]
[Round "1"]
[White "Fantomas"]
[Black "Coolant"]
[WhiteElo "2230"]
[BlackElo "2270"]
[Result "1-0"]
[Round "1"]
1.e4 c5
2.Ng1f3 e6
3.d4 cxd4
4.Nf3xd4 a6
5.Nb1c3 Qd8c7
6.Bf1e2 b5
7.a3 Bc8b7
8.O-O Ng8f6
9.f3 Bf8c5
10.Kh1 d5
11.exd5 Nf6xd5
12.Nc3xd5 Bb7xd5
13.c3 Nb8c6
14.Nd4xc6 Qc7xc6
15.Bc1f4 O-O
16.Qd1c2 Rf8c8
17.Be2d3 h6
18.Ra1e1 a5
19.Qc2e2 b4
20.c4 Bd5xc4
21.Bd3xc4 bxa3
22.bxa3 Bc5xa3
23.Bc4d3 Ra8a7
24.Bd3b5 Qc6c2
25.h3 Ba3b4
26.Qe2xc2 Rc8xc2
27.Re1c1 Rc2xc1
28.Rf1xc1 a4
29.Bb5d3 g5
30.Bf4e5 f5
31.Rc1c8 Kf7
32.Rc8c7 Ra7xc7
33.Be5xc7 Kf6
34.Kg1 Bb4c5
35.Kf1 a3
36.Bd3c4 e5
37.Ke2 e4
38.fxe4 fxe4
39.g4 Kg6
40.Bc7g3 h5
41.Bg3f2 hxg4
42.hxg4 Bc5d6
43.Bf2d4 Bd6f4
44.Bc4d5 Bf4c1
45.Bd5xe4 Kh6
46.Be4b1 Bc1f4
47.Kd3 Bf4c1
48.Kc2 Bc1f4
49.Bd4c5 Kg6
50.Bc5xa3 Kf6
51.Ba3b2 Kg6
52.Kd3 Bf4d6
53.Ke4 Bd6c7
54.Kd5 Kf7
55.Bb2e5 Bc7a5
56.Bb1f5 Ba5d2
57.Bf5e6 Kg6
58.Be6g8 Bd2c1
59.Ke6 Bc1d2
60.Bg8f7 Kh6
61.Bf7h5 Bd2c1
62.Kf7 Bc1d2
63.Be5g7 Kh7
64.Bh5g6 { resign }
1-0

[Event "Match"]
[Site "www.echecsemail.com"]
[Date "2019.02.06"]
[Round "1"]
[White "Goofy"]
[Black "Jovaras"]
[WhiteElo "2210"]
[BlackElo "2140"]
[Result "1-0"]
[Round "1"]
1.e4 c5
2.d4 cxd4
3.c3 Ng8f6
4.e5 Nf6d5
5.Ng1f3 Nb8c6
6.Bf1c4 Nd5b6
7.Bc4b3 d6
8.exd6 Qd8xd6
9.O-O g6
10.Nf3g5 e6
11.Qd1f3 Nc6e5
12.Qf3f6 Rh8g8
13.f4 { resign }
1-0

[Event "Tourn. n10044"]
[Site "www.echecsemail.com"]
[Date "2019.02.06"]
[Round "1"]
[White "Bojan"]
[Black "Picifarkinca"]
[WhiteElo "1920"]
[BlackElo "1910"]
[Result "0-1"]
[Round "1"]
1.e4 e5
2.Ng1f3 Nb8c6
3.c3 Ng8f6
4.Qd1a4 a6
5.d3 Bf8e7
6.Nb1d2 O-O
7.Nd2c4 b5
8.Qa4b3 bxc4
9.dxc4 Ra8b8
10.Qb3c2 Bc8b7
11.Bf1d3 d6
12.Bc1e3 Nf6g4
13.Be3c1 Ng4f6
14.Bc1e3 Nf6g4
15.Be3d2 Be7h4
16.g3 Bh4e7
17.h3 Ng4f6
18.b3 Qd8d7
19.Bd2e3 Nc6d8
20.Nf3h4 Nd8e6
21.f4 Ne6c5
22.O-O-O Nc5xd3
23.Qc2xd3 Bb7xe4
24.Qd3f1 Be4xh1
25.Qf1xh1 exf4
26.Be3xf4 Nf6h5
27.Nh4g2 Nh5xf4
28.Ng2xf4 Be7f6
29.Kb2 Qd7a4
30.Nf4d5 Bf6e5
31.g4 Qa4xc4
32.Rd1d2 c6
33.Kc2 Qc4b5
34.Nd5e7 Kh8
35.Ne7xc6 Rb8c8
36.Nc6xe5 dxe5
37.g5 Qb5a5
38.Qh1a1 e4
39.a4 Qa5xg5
40.Qa1e1 Rf8e8
41.Rd2e2 f5
42.h4 Qg5e7
43.b4 Qe7xb4
44.Qe1a1 Qb4c4
45.Re2e3 f4
{ resign }
0-1

[Event "Match"]
[Site "www.echecsemail.com"]
[Date "2019.02.06"]
[Round "1"]
[White "Guillaumefi"]
[Black "Gambitmiau"]
[WhiteElo "1810"]
[BlackElo "1870"]
[Result "0-1"]
[Round "1"]
1.Ng1f3 Nb8c6
2.c4 Ng8f6
3.d3 d5
4.cxd5 Nf6xd5
5.g3 e5
6.Bf1g2 Bf8d6
7.O-O O-O
 { time }
0-1

[Event "Match"]
[Site "www.echecsemail.com"]
[Date "2019.02.06"]
[Round "1"]
[White "Witpar"]
[Black "Nevaeh"]
[WhiteElo "2750"]
[BlackElo "2349"]
[Result "0-1"]
[Round "1"]
1.d4 Ng8f6
2.c4 e6
3.Ng1f3 d5
4.g3 Bf8e7
5.Bf1g2 O-O
6.O-O dxc4
7.Nb1a3 Be7xa3
8.bxa3 Bc8d7
9.Nf3e5 Bd7c6
10.Ne5xc6 Nb8xc6
11.Bc1b2 Nf6d5
12.Ra1c1 Nd5b6
13.e4 Qd8d6
14.Rf1e1 Ra8d8
15.d5 Nc6e5
16.Bb2xe5 Qd6xe5
17.a4 a5
18.Qd1d2 Qe5d6
19.Qd2xa5 Rd8a8
 { time }
0-1

[Event "Fast Game"]
[Site "www.echecsemail.com"]
[Date "2019.02.06"]
[Round "1"]
[White "Stevep84"]
[Black "Add"]
[WhiteElo "1940"]
[BlackElo "1870"]
[Result "1-0"]
[Round "1"]
1.e4 d5
2.exd5 Qd8xd5
3.Nb1c3 Qd5a5
4.d4 e5
5.Ng1f3 Bc8g4
6.h3 exd4
7.Qd1xd4 Bg4xf3
8.Qd4e3 Bf8e7
9.Qe3xf3 Nb8c6
10.Bf1b5 O-O-O
11.Bb5xc6 { resign }
1-0

[Event "Tourn. n10029"]
[Site "www.echecsemail.com"]
[Date "2019.02.07"]
[Round "1"]
[White "Lenyb"]
[Black "Tonino1"]
[WhiteElo "2370"]
[BlackElo "2300"]
[Result "1-0"]
[Round "1"]
1.e4 d6
2.d4 Ng8f6
3.Bf1d3 c6
4.c3 e5
5.f4 Qd8c7
6.Ng1f3 Bc8g4
7.h3 Bg4xf3
8.Qd1xf3 Nb8d7
9.Bc1e3 g6
10.g4 Bf8g7
11.Nb1a3 O-O
12.dxe5 dxe5
13.f5 b5
14.O-O-O Rf8e8
15.h4 a6
16.Na3c2 c5
17.h5 c4
18.fxg6 fxg6
19.Bd3e2 Nd7c5
20.hxg6 hxg6
21.g5 Nf6h5
22.Nc2b4 Nh5f4
23.Nb4d5 Nf4xd5
24.exd5 Qc7d6
25.Qf3h3  { time }
1-0

[Event "Match"]
[Site "www.echecsemail.com"]
[Date "2019.02.07"]
[Round "1"]
[White "Guidom"]
[Black "Crazybugouse"]
[WhiteElo "2100"]
[BlackElo "1809"]
[Result "1-0"]
[Round "1"]
1.e4 e5
2.Ng1f3 Nb8c6
3.Bf1b5 a6
4.Bb5a4 Ng8f6
5.d3 b5
6.Ba4b3 Bf8c5
7.Bb3d5 Nf6xd5
8.exd5  { time }
1-0

[Event "Match"]
[Site "www.echecsemail.com"]
[Date "2019.02.07"]
[Round "1"]
[White "Llord"]
[Black "Apdash"]
[WhiteElo "1900"]
[BlackElo "2250"]
[Result "1/2-1/2"]
[Round "1"]
1.e4 e5
2.Ng1f3 Nb8c6
3.Bf1c4 Bf8e7
4.d3 Ng8f6
5.Nb1c3 O-O
6.O-O d6
7.h3 a6
8.a3 b5
9.Bc4b3 Nc6a5
10.Bb3a2 c6
11.Nf3g5 h6
12.Ng5f3 Nf6h7
13.b4 Na5b7
14.Nf3h2 Be7g5
15.Nh2f3 Kh8
16.Nf3xg5 Nh7xg5
17.Bc1b2 f5
18.Qd1h5 fxe4
19.dxe4 Bc8e6
20.Ba2xe6 Ng5xe6
21.Nc3e2 Qd8g5
22.Qh5xg5 Ne6xg5
23.f4 exf4
24.Ne2xf4 Kh7
25.Nf4h5 Ng5xe4
26.Bb2xg7 Rf8xf1
27.Ra1xf1 Kg6
28.g4 c5
29.Rf1f4 d5
30.Bg7f8 cxb4
31.axb4 a5
32.bxa5 Ra8xa5
33.Rf4f5 Ra5a8
34.Bf8e7 Ra8a1
35.Kg2 Ra1c1
36.Rf5xd5 Rc1xc2
37.Kf3 Ne4d2
38.Ke3 Nd2c4
39.Kf3 Nc4d2
40.Ke3 Nd2c4
41.Kf3 Nc4d2
42.Ke3 { draw }
1/2-1/2

[Event "Tourn. n10040"]
[Site "www.echecsemail.com"]
[Date "2019.02.07"]
[Round "1"]
[White "Sorim"]
[Black "Picifarkinca"]
[WhiteElo "2080"]
[BlackElo "1860"]
[Result "1-0"]
[Round "1"]
1.e4 e5
2.Ng1f3 Nb8c6
3.Bf1b5 a6
4.Bb5a4 Ng8f6
5.O-O Bf8e7
6.Rf1e1 b5
7.Ba4b3 d6
8.c3 O-O
9.h3 Nc6b8
10.d4 Nb8d7
11.Nb1d2 Bc8b7
12.Bb3c2 c5
13.Nd2f1 cxd4
14.cxd4 Ra8c8
15.Nf1g3 g6
16.a4 Rf8e8
17.axb5 axb5
18.Bc1d2 Be7f8
19.Bc2d3 exd4
20.Nf3xd4 Bf8g7
21.Nd4xb5 { resign }
1-0

[Event "Tourn. n10043"]
[Site "www.echecsemail.com"]
[Date "2019.02.07"]
[Round "1"]
[White "Nevaeh"]
[Black "Ssharp"]
[WhiteElo "2349"]
[BlackElo "2260"]
[Result "1-0"]
[Round "1"]
1.Ng1f3 Ng8f6
2.d4 d5
3.c4 e6
4.Nb1c3 Bf8e7
5.Bc1g5 h6
6.Bg5h4 O-O
7.e3 c5
8.dxc5 g5
9.Bh4g3 Be7xc5
10.h4 g4
11.Nf3e5 h5
12.Bf1d3 Nb8c6
13.O-O Bc5d6
14.Ne5xc6 bxc6
15.Qd1c1 e5
16.cxd5 cxd5
17.e4 d4
18.Nc3b5 Rf8e8
19.Qc1g5 Kh8
20.Nb5xd6 Qd8xd6
21.f4 Nf6h7
22.Qg5xh5 Qd6g6
23.Qh5xg6 fxg6
24.Ra1c1 exf4
25.Bg3xf4 a5
26.Rc1c6 Kg7
27.Rc6c7 Kg8
28.Bf4h6 { resign }
1-0

[Event "Tourn. n10041"]
[Site "www.echecsemail.com"]
[Date "2019.02.07"]
[Round "1"]
[White "Apdash"]
[Black "Fantomas"]
[WhiteElo "2200"]
[BlackElo "2230"]
[Result "1-0"]
[Round "1"]
1.d4 c6
2.e4 d5
3.exd5 cxd5
4.Ng1f3 Nb8c6
5.Bf1b5 a6
6.Bb5a4 Bc8d7
7.O-O e6
8.c3 Ng8f6
9.Bc1g5 h6
10.Bg5h4 Bf8d6
11.Nb1d2 g5
12.Ba4xc6 Bd7xc6
13.Bh4g3 Qd8e7
14.Nf3e5 Bc6b5
15.Rf1e1 a5
16.a4 Bb5a6
17.f4 O-O-O
18.f5 Nf6d7
19.fxe6 Nd7xe5
20.Bg3xe5 Bd6xe5
21.Re1xe5 fxe6
22.Qd1g4 Rd8d6
23.Ra1e1 Kd7
24.b4 axb4
25.cxb4 b6
26.b5 Ba6c8
27.Re1c1 Kd8
28.Qg4h5 Bc8d7
29.Qh5f3 Bd7e8
30.Qf3c3 Qe7d7
31.Re5e2 Rh8f8
32.Nd2f3 Qd7b7
33.Nf3e5 Ke7
34.Qc3b4 { resign }
1-0

[Event "Tourn. n10043"]
[Site "www.echecsemail.com"]
[Date "2019.02.07"]
[Round "1"]
[White "Conde7"]
[Black "Ssharp"]
[WhiteElo "2790"]
[BlackElo "2270"]
[Result "1-0"]
[Round "1"]
1.a3 d5
2.d4 Ng8f6
3.Ng1f3 e6
4.c4 c5
5.dxc5 Bf8xc5
6.e3 O-O
7.b4 Bc5e7
8.Nb1d2 Nb8d7
9.Bc1b2 dxc4
10.Nd2xc4 b6
11.Bf1e2 Bc8b7
12.O-O Nf6d5
13.Ra1c1 Ra8c8
14.Nf3d4 a6
15.Be2g4 Qd8e8
16.Nd4xe6 { resign }
1-0

[Event "1/64 Finale"]
[Site "www.chess-mail.com"]
[Date "2019.02.07"]
[Round "1"]
[White "Reignblowcan"]
[Black "Hennie4820"]
[WhiteElo "2530"]
[BlackElo "1930"]
[Result "1-0"]
[Round "1"]
1.c4 Ng8f6
2.Nb1c3 g6
3.g3 Bf8g7
4.Bf1g2 O-O
5.Ng1f3 d6
6.O-O e5
7.Ra1b1 Nb8c6
8.b4 a6
9.d3 Bc8e6
10.a4 Qd8d7
11.Nf3g5 h6
12.Ng5xe6 Qd7xe6
13.Nc3d5 Ra8c8
14.b5 axb5
15.Nd5xf6 Qe6xf6
16.cxb5 Nc6a5
17.Bc1d2 b6
18.Bd2xa5 bxa5
19.Rb1c1 Qf6e7
20.Qd1d2 f5
21.Bg2d5 Kh7
22.Qd2xa5 e4
23.Bd5b7 { resign }
1-0

[Event "Tourn. n10056"]
[Site "www.echecsemail.com"]
[Date "2019.02.08"]
[Round "1"]
[White "Alcon"]
[Black "Souricette64"]
[WhiteElo "1920"]
[BlackElo "1799"]
[Result "1/2-1/2"]
[Round "1"]
1.e4 e6
2.d4 d5
3.Nb1c3 Ng8f6
4.e5 Nf6d7
5.f4 c5
6.Ng1f3 Nb8c6
7.Bc1e3 a6
8.Bf1e2 b5
9.O-O Qd8b6
10.Kh1 g6
11.Qd1d2 cxd4
12.Nf3xd4 Bf8c5
13.Ra1d1 Bc8b7
14.a3 Nc6xd4
15.Be3xd4 { draw }
1/2-1/2

[Event "Match"]
[Site "www.echecsemail.com"]
[Date "2019.02.08"]
[Round "1"]
[White "Crazybugouse"]
[Black "Llord"]
[WhiteElo "1809"]
[BlackElo "1910"]
[Result "0-1"]
[Round "1"]
1.e3 e5
2.c4 Ng8f6
3.Nb1c3 Nb8c6
4.Qd1b3 Nc6a5
5.Qb3c2 Bf8b4
6.Nc3d5 Nf6xd5
7.cxd5 O-O
8.a3 Bb4d6
 { time }
0-1

[Event "Tourn. n10042"]
[Site "www.echecsemail.com"]
[Date "2019.02.08"]
[Round "1"]
[White "Apdash"]
[Black "Gimmyg"]
[WhiteElo "2230"]
[BlackElo "2620"]
[Result "0-1"]
[Round "1"]
1.e4 Nb8c6
2.d4 d5
3.exd5 Qd8xd5
4.Bc1e3 Bc8f5
5.c4 Qd5a5
6.Nb1c3 Nc6b4
7.Ra1c1 Nb4xa2
8.Rc1a1 Na2xc3
9.Ra1xa5 Nc3xd1
10.Kxd1 e6
11.c5 Ng8f6
12.b4 Bf8e7
13.Ng1f3 O-O
14.Nf3h4 Bf5e4
15.Nh4f3 Nf6d5
16.Nf3d2 b6
17.Ra5a4 Nd5c3
18.Kc1 Nc3xa4
19.Nd2xe4 a5
20.bxa5 Ra8xa5
21.Be3d2 Ra5a8
22.cxb6 Na4xb6
23.Bd2c3 Rf8b8
24.Bf1d3 Nb6d5
25.Bc3b2 Ra8a2
{ resign }
0-1

[Event "Tourn. n10067"]
[Site "www.echecsemail.com"]
[Date "2019.02.08"]
[Round "1"]
[White "Bojan"]
[Black "Mitja"]
[WhiteElo "2010"]
[BlackElo "1970"]
[Result "0-1"]
[Round "1"]
1.d4 d5
2.g3 e6
3.a3 c6
4.b4 h6
5.Qd1d3 Ng8f6
6.f3 b6
7.c3 Bc8a6
8.Qd3c2 Ba6b7
9.Nb1d2 b5
10.e3 Nb8d7
11.a4 Nd7b6
12.axb5 cxb5
13.Bf1xb5 Nf6d7
14.f4 Qd8c7
15.Bc1b2 Bf8xb4
16.Qc2d3 Bb4e7
17.Ng1f3 Bb7c6
18.Nf3e5 Nd7xe5
19.dxe5 O-O
20.O-O Bc6xb5
21.Qd3xb5 Rf8b8
22.Qb5d3 Nb6d7
23.Bb2a3 Be7xa3
24.Ra1xa3 a5
25.Rf1a1 Nd7c5
26.Qd3e2 Rb8b2
27.Qe2d1 Qc7b6
28.h3 Nc5e4
29.Nd2f1 Ne4xg3
30.Qd1d4 Ng3e2
31.Kh1 Ne2xd4
32.exd4 Qb6b5
33.Nf1g3 Qb5d3
34.c4 Qd3d2
{ resign }
0-1

[Event "Match"]
[Site "www.echecsemail.com"]
[Date "2019.02.08"]
[Round "1"]
[White "Tonino1"]
[Black "Fabos12"]
[WhiteElo "2140"]
[BlackElo "1970"]
[Result "1/2-1/2"]
[Round "1"]
1.d4 e6
2.f4 Nb8c6
3.e3 Ng8f6
4.Ng1f3 h6
5.c3 b6
6.Bf1d3 Bc8b7
7.O-O Nc6e7
8.Nb1d2 Nf6g4
9.Qd1e2 Ne7d5
10.Nf3e5 Ng4xe3
11.Rf1f3 Ne3f5
12.g4 Nf5e7
13.f5 Nd5xc3
14.bxc3 Bb7xf3
15.Qe2xf3 exf5
16.gxf5 h5
17.f6 gxf6
18.Qf3xf6 Rh8g8
19.Kh1 Rg8g7
20.Nd2e4 Ne7d5
21.Qf6xd8 Kxd8
22.Bc1h6 Rg7g8
23.Ne5xf7 Ke7
24.Bh6xf8 Ra8xf8
25.Nf7g5 Nd5xc3
26.Ne4xc3 Rg8xg5
27.Ra1e1 Kd8
28.Nc3e4 Rg5g4
29.Re1g1 Rg4xg1
30.Kxg1 Rf8f4
31.Kg2 d5
32.Ne4f2 Ke7
33.Kg3 Rf4xd4
34.Kf3 c5
35.Ke3 Rd4h4
36.h3 Kf6
37.Kf3 Rh4a4
38.Bd3b1 Ke5
39.Nf2d3 Kd4
40.Nd3f4 Ke5
41.Nf4d3 Kf6
42.Nd3f4 Ke5
43.Nf4d3 { draw }
1/2-1/2

[Event "1/16 Finale"]
[Site "www.chess-mail.com"]
[Date "2019.02.08"]
[Round "1"]
[White "Pdebonis"]
[Black "Sbb"]
[WhiteElo "2700"]
[BlackElo "2720"]
[Result "0-1"]
[Round "1"]
1.e4 e6
2.d4 d5
3.Nb1d2 Ng8f6
4.e5 Nf6d7
5.Bf1d3 c5
6.c3 Nb8c6
7.Ng1e2 cxd4
8.cxd4 f6
9.exf6 Nd7xf6
10.Nd2f3 Bf8d6
11.O-O Qd8c7
12.Ne2c3 a6
13.Bc1d2 O-O
14.Ra1c1 Bc8d7
15.h3 Bd7e8
16.Qd1e2 Be8f7
17.Qe2e3 Ra8e8
18.Qe3g5 Bf7h5
19.g4 Bh5f7
20.Bd2e3 Qc7b8
21.Rc1e1 e5
22.dxe5 Nc6xe5
23.Nf3xe5 Re8xe5
24.Qg5h4 Rf8e8
25.Re1e2 Bf7g6
26.Re2d2 Re5xe3
27.fxe3 Bd6g3
28.Qh4g5 Re8e5
29.Rf1f5 Bg6xf5
30.gxf5 Bg3e1
31.Rd2g2 Qb8f8
32.Qg5f4 Qf8e7
33.Rg2e2 Be1xc3
34.bxc3 b5
35.Qf4d4 h6
36.Kf1 Kh8
37.Qd4b6 Qe7a3
38.Qb6d4 Re5e8
39.Kf2 Qa3d6
40.Kf3 Nf6e4
41.Re2g2 Re8e5
42.Bd3xe4 dxe4
43.Ke2 Qd6f6
44.Qd4a7 Re5xf5
45.Qa7a8 Qf6f8
46.Qa8xf8 Rf5xf8
47.c4 bxc4
48.Rg2g4 Rf8e8
49.Rg4g6 a5
50.Rg6a6 Re8e5
51.h4 Re5h5
52.Kd2 Rh5xh4
53.Kc3 Rh4h2
54.Ra6xa5 g5
{ resign }
0-1

[Event "Match"]
[Site "www.echecsemail.com"]
[Date "2019.02.09"]
[Round "1"]
[White "Gambitmiau"]
[Black "Sonny1000"]
[WhiteElo "1870"]
[BlackElo "1560"]
[Result "1-0"]
[Round "1"]
1.e4 d5
2.exd5 Qd8xd5
3.Nb1c3 Qd5e5
4.Qd1e2 Qe5c5
5.Qe2b5 Qc5xb5
6.Nc3xb5 e6
7.Nb5xc7 Kd7
8.Nc7xa8 Ng8e7
9.Bf1b5 Ne7c6
10.d4 a6
11.Bb5xc6 Kxc6
12.Bc1f4 Nb8d7
13.c4 Bf8b4
14.Ke2 e5
15.Bf4xe5 Rh8e8
16.f4 g6
17.Kf3 Nd7b6
18.Na8xb6 Kxb6
19.Ng1e2 h5
20.a3 Bb4e7
21.d5 Bc8g4
22.Kf2 Be7h4
23.g3 Bh4e7
24.Rh1e1 Re8c8
25.Be5d4 Kc7
26.c5 Rc8d8
27.Ne2c3 Be7f8
28.Bd4e5 Kd7
29.Nc3e4 Bg4f5
30.Ne4f6 Ke7
31.Be5c7 Kxf6
32.Bc7xd8 Kg7
33.d6 Bf5d7
34.Bd8e7 f5
35.Be7xf8 Kxf8
36.Re1e7 b5
37.Re7xd7 Ke8
38.Rd7a7 Kd8
39.Ra1e1 a5
40.d7 { resign }
1-0

[Event "Match"]
[Site "www.echecsemail.com"]
[Date "2019.02.09"]
[Round "1"]
[White "Bojan"]
[Black "Ssharp"]
[WhiteElo "1910"]
[BlackElo "2300"]
[Result "0-1"]
[Round "1"]
1.e4 e6
2.b3 d5
3.exd5 exd5
4.Bc1b2 Ng8f6
5.h3 Bf8e7
6.Bf1d3 O-O
7.Qd1f3 c6
8.Nb1c3 Bc8e6
9.Ng1e2 Nb8d7
10.Ne2d4 Nd7e5
11.Qf3e3 Ne5xd3
12.Qe3xd3 Be6d7
13.O-O-O b5
14.f3 a5
15.Nd4f5 Be7c5
16.a4 Qd8c8
17.Nf5d4 Bc5xd4
18.Qd3xd4 c5
19.Qd4f4 d4
20.Nc3xb5 Bd7xb5
21.axb5 a4
22.bxa4 Ra8xa4
23.Rh1e1 Qc8a8
24.d3 Qa8a5
25.Re1e5 Qa5xb5
26.Qf4d2 Rf8a8
27.Qd2e1 h6
28.Bb2xd4 Ra4xd4
29.Qe1c3 Rd4d5
30.Re5e3 Rd5g5
31.g4 Nf6d5
{ resign }
0-1

[Event "Tourn. n10050"]
[Site "www.echecsemail.com"]
[Date "2019.02.09"]
[Round "1"]
[White "Bojan"]
[Black "Libiesse"]
[WhiteElo "1870"]
[BlackElo "1880"]
[Result "1-0"]
[Round "1"]
1.e4 c5
2.Ng1f3 e6
3.c3 a6
4.e5 Nb8c6
5.d3 Qd8c7
6.d4 cxd4
7.cxd4 d6
8.exd6 Bf8xd6
9.a3 Ng8f6
10.h3 O-O
11.b4 b5
12.Nb1c3 Bc8b7
13.Bc1e3 Nc6xb4
14.Nc3a2 Bb7xf3
15.gxf3 Nb4c2
16.Kd2 Nc2xa1
17.Qd1xa1 Qc7a5
18.Ke2 Qa5xa3
19.Be3d2 Rf8c8
20.Qa1b1 Rc8c4
21.Ke1 Qa3xf3
22.Rh1g1 Rc4xd4
23.Qb1b2 Rd4e4
24.Bd2e3 Nf6d5
25.Qb2xg7 { resign }
1-0

[Event "Match"]
[Site "www.echecsemail.com"]
[Date "2019.02.09"]
[Round "1"]
[White "Mitja"]
[Black "Ssharp"]
[WhiteElo "1970"]
[BlackElo "2310"]
[Result "0-1"]
[Round "1"]
1.d4 d5
2.e3 Ng8f6
3.c3 Bc8f5
4.h3 e6
5.Ng1f3 c5
6.dxc5 Bf8xc5
7.b3 O-O
8.Bc1b2 Nb8c6
9.Nf3d4 Nc6xd4
10.cxd4 Bc5b4
11.Nb1d2 Nf6e4
12.Bb2c1 Ra8c8
13.Bf1e2 Ne4c3
{ resign }
0-1